000 00777nam a2200253 i 4500
003 DO-SdBNP
005 20240704092437.0
007 ta
008 240704b2023 dr ||||| |||| 00| 0 spa d
020 _a9789945183641
040 _aDO-SdBNP
_bspa
_cBNPHU
_erda
082 4 _222
100 1 _aGómez, Franklin,
_92149
_eautor
245 1 0 _aDe amor y resilencia /
_cFranklin Gómez ; prólogo, Alejandro Santana
264 _aSanto Domingo :
_bTiempo de nosotros,
_c2023.
300 _a96 páginas ;
_c23 cm.
336 _2rdacontent
_atexto
_btxt
337 _2rdamedia
_asin mediación
_bn
338 _2rdacarrier
_avolumen
_bnc
500 _aIncluye datos biográficos del autor en las solapas
590 _aInventariado, 2024/BT
910 _aBtavárez
942 _2ddc
_cLBS1
999 _c57149
_d57149